|
|
|
|
| LEADER |
01263nam a2200313 a 4500 |
| 001 |
15330579 |
| 008 |
120216s2007 bg l 000 0 eng |
| 010 |
|
|
|a 2008330453
|
| 020 |
|
|
|a 98484660128 (set)
|
| 040 |
|
|
|a DLC
|c DLC
|d BD-DhAAL
|
| 041 |
0 |
|
|a eng
|a ben
|
| 042 |
|
|
|a lcode
|
| 043 |
|
|
|a a-bg---
|
| 050 |
0 |
0 |
|a KNG956.A311994
|b S65 2007
|
| 082 |
0 |
0 |
|a 346.5492/066
|2 22
|
| 110 |
1 |
|
|a Bangladesh.
|
| 240 |
1 |
0 |
|a Company Act, 1994
|
| 245 |
1 |
0 |
|a Company law and practice.
|n Volume One /
|c edited and compiled under the honorary research coordination by and editorial guidance of Syed Lutfor Rahman Soiloor by a ream of researchers and editors.
|
| 250 |
|
|
|a 1st ed.
|
| 260 |
|
|
|a Dhaka :
|b New Warsi Book Corp.,
|c 2007.
|
| 300 |
|
|
|a 2 v. (2016 p.) ;
|c 26 cm.
|
| 541 |
|
|
|e 00024526
|
| 546 |
|
|
|a English and Bengali.
|
| 505 |
0 |
|
|a v. 1. Comp. Act: Secs. 1 to 248 -- v. 2. Comp. Act.: Sec. 249 to 404 & schedules, & rules & others.
|
| 650 |
|
0 |
|a Corporation law
|z Bangladesh.
|
| 700 |
1 |
|
|a Soiloor, Syed Lutfor Rahman.
|
| 852 |
1 |
|
|a Ayesha Abed Library
|c General shelf.
|
| 999 |
|
|
|c 11902
|d 11902
|
| 952 |
|
|
|0 0
|1 0
|2 ddc
|4 0
|6 346_549206600000000_COM
|7 0
|9 19458
|a BRACUL
|b BRACUL
|c GEN
|d 2012-02-20
|l 3
|m 27
|o 346.5492066 COM
|p 3010024526
|r 2022-09-11
|s 2022-05-29
|t 1
|w 2012-02-20
|y BK
|